| 000 | 00969nam a2200265Ia 4500 | ||
|---|---|---|---|
| 003 | OSt | ||
| 005 | 20220923211156.0 | ||
| 006 | a|||||r|||| 00| 0 | ||
| 007 | ta | ||
| 008 | 220922b |||||||| |||| 00| 0 pan d | ||
| 020 |
_a8187762314 (hbk) _c440 |
||
| 024 | _a353,386 | ||
| 037 |
_b1172, 06/01/2020, H.K. Prakashan _cTextual |
||
| 040 |
_aARTS _cARTS _bpan |
||
| 041 |
_2pan _apan |
||
| 082 | _aO153,6:g, Q9 | ||
| 100 |
_aਪਾਹਵਾ, ਕੁਲਦੀਪ ਕੌਰ, ਂਚ. _9159152 |
||
| 245 | 0 | _aਗੁਰਬਾਣੀ Fਬਦ ਰਹੱਸ ਅਤੇ ਹੋਰ ਲੇਖ | |
| 260 |
_aਦਿੱਲੀ _b ਐੱਚ. ਕੇ. ਪ੍ਰਕਾFਨ _c2019 |
||
| 300 |
_a160ਪ੍ਰ0 _ccm. |
||
| 650 | _a ਪੰਜਾਬੀ ਨਿਬੰਧ | ||
| 650 | _aਪੰਜਾਬੀ ਸਾਹਿਤ | ||
| 942 |
_hO153,6:g, Q9 _cTEXL _2CC |
||
| 999 |
_c296342 _d296342 |
||